| 000 | 01133nam0a22002891 4500 | ||
|---|---|---|---|
| 001 | rc\3384922 | ||
| 005 | 20260531091116.0 | ||
| 021 |
_aRU _b[73-22892] |
||
| 035 | _a(NLR Aleph) 007536126 | ||
| 090 |
_a7770015 _c7770015 |
||
| 100 | _a20130115d1973 u y0rusy50 ca | ||
| 101 | 0 | _arus | |
| 102 | _aRU | ||
| 105 | _ay z ||||| | ||
| 200 | 1 | _aАтеистическое воспитание младших школьников | |
| 210 |
_aМосква _cЗнание _d1973 |
||
| 215 |
_a72 с. _d20 |
||
| 225 | 1 |
_a[В помощь лектору] _iБиблиотечка "Актуальные вопросы атеистической пропаганды среди молодежи" |
|
| 320 | _aСписки лит. в тексте | ||
| 606 |
_aНаучно-атеистическое воспитание в школе _2psbo |
||
| 700 | 1 |
_7ba _8rus _aАлексеев _bА. Н. _cд-р пед. наук _f1919-1999 _gАлексей Николаевич _92696768 _3RU\NLR\AUTH\770289897 |
|
| 801 | 0 |
_aRU _bNLR _gpsbo |
|
| 801 | 1 |
_aRU _bELAR _2rusmarc |
|
| 852 |
_aNLR _j73-4/6669 |
||
| 942 | _cUNSPEC | ||
| 980 | _aNB | ||